000 01030nam a2200241Ia 4500
999 _c39240
_d39240
001 5826
003 GE_BSU
005 20190515183252.0
008 181216s1971||||ge |||||||||||||| ||geo||
040 _cGE_BSU
041 _ageo
080 _a69.002.5(075.8) ს-21
100 _a
_9610
245 _aსამშენებლო მანქანები :
_bსახელმძღვ. /
_cი. ბეთანელი, ი. გოთოშია, ი. გაბუნია და სხვ.
250 _aმე-2 შევსებ. და გადამუშ. გამოც.
264 _aთბილისი :
_bგანათლება,
_c1971.
300 _a305 გვ. :
_bილ. ;
_c22 სმ.
653 _aსამშენებლო მანქანები
700 _aბეთანელი, ი.
_eავტორი
_91181
700 _a გოთოშია, ი.
_eავტორი
_91182
700 _aგაბუნია, ი
_eავტორი
_91183
942 _cBK
_2udc